00935nam a2200265 a 450000100100000000500170001000800410002702000150006804000250008308200180010810000330012624000440015924500720020326000340027530000210030949000180033053400540034865000280040265000420043070000290047283000250050104900090052695201170053599900170065200002223620200930011637.0100920s1988 sp r 000 f spa d a8472232816 aDO-SdBNPbspacBNPHU a863.64aS473n1 aSemprun, Jorged1923-94597910aNetchaïev est de retour...lEspañol10aNetchaiev ha vuelto /cJorge Semprun ; traducción de Thomas Kauf. aBarcelona :bTusquets,c1988. a334 p. ;c21 cm.1 aAndanza ;v81 aTítulo original :tNetchaïev est de retour... 4aNovela española91123 4aLiteratura españolaySIGLO XX933261 aKauf, Thomasetr.945980 0aAndanza ;v81945981 aBNGR 001050718MOaGRbGRcCTd2010-09-20iLF1l0o863.64 S473n p22236-10r2020-06-25w2020-06-25y1ZNo se presta c21734d21734